Onnam vayasil pidichu kettuka: Rubber nervazhikkakum (Record no. 64391)

MARC details
000 -LEADER
fixed length control field 00311nam a2200121Ia 4500
100 ## - MAIN ENTRY--AUTHOR NAME
Personal name Thomas V
245 #0 - TITLE STATEMENT
Title Onnam vayasil pidichu kettuka: Rubber nervazhikkakum
260 ## - PUBLICATION, DISTRIBUTION, ETC. (IMPRINT)
Name of publisher Malayala Manorama
Year of publication 2010
650 ## - SUBJECT ADDED ENTRY--TOPICAL TERM
Topical Term Rubber
856 ## - ELECTRONIC LOCATION AND ACCESS
Uniform Resource Identifier News Paper
942 ## - ADDED ENTRY ELEMENTS (KOHA)
Koha item type Journals
Holdings
Withdrawn status Lost status Damaged status Not for loan Home library Current library Shelving location Date acquired Serial Enumeration / chronology Koha item type
      Journals RRII Library RRII Library Rubber general 17/12/2021 Volume 7th, Issue May Journals